Museo Arqueológico de Barcelona : Parque de Montjuich... Parque de Montjuich...
Descripción Física:
8 p. : il. ; 19 cm
Materias:
Museu Arqueològic de Barcelona
MARC
| LEADER | 00000nam a2200000Ia 4500 | ||
|---|---|---|---|
| 001 | 9364 | ||
| 008 | 160829s9999 xx 000 0 cat d | ||
| 080 | |a FU-2-8 | ||
| 100 | |a Museu Arqueològic de Barcelona | ||
| 245 | |a Museo Arqueológico de Barcelona : |b Parque de Montjuich... | ||
| 260 | |a Barcelona : |b (Casa Caritat), dl 1962 | ||
| 300 | |a 8 p. : |b il. ; |c 19 cm | ||
| 610 | 2 | 0 | |a Museu Arqueològic de Barcelona |9 54643 |
| 901 | |a Arxiu | ||
| 942 | |n 1 | ||
| 952 | |0 0 |1 0 |4 0 |6 FU28 |7 1 |9 43489 |a Arxiu |b Arxiu |d 2016-12-01 |l 0 |o FU-2-8 |p 9364 |r 2016-12-01 00:00:00 |w 2016-12-01 |y ARXIU | ||
| 999 | |c 46035 |d 46035 | ||